Enveloping algebras /
Guardado en:
| Autor Principal: | |
|---|---|
| Formato: | Libro |
| Idioma: | English French |
| Publicado: |
Amsterdam :
North-Holland,
1977.
|
| Series: | North-Holland mathematical library ;
v. 14 |
| Materias: | |
| Etiquetas: |
Agregar Etiqueta
Sin Etiquetas, Sea el primero en etiquetar este registro!
|
| LEADER | 01045cam a2200301 a 4500 | ||
|---|---|---|---|
| 001 | MAT.inmabb002707 | ||
| 008 | 760127s1977####ne#######b####001#0#eng## | ||
| 005 | 20110907133556.0 | ||
| 245 | 1 | 0 | |a Enveloping algebras / |c Jacques Dixmier ; [translated by Minerva Translations, ltd., London]. |
| 260 | |a Amsterdam : |b North-Holland, |c 1977. | ||
| 300 | |a xvi, 375 p. ; |c 23 cm. | ||
| 440 | 0 | |a North-Holland mathematical library ; |v v. 14 | |
| 500 | |a Traducción, corregida y actualizada, de: Algèbres enveloppantes. Paris : Gauthier-Villars, 1974. | ||
| 504 | |a Bibliografía: p. [359]-370. | ||
| 510 | 4 | |a MR, |c 58 #16803b | |
| 020 | |a 0720404304 | ||
| 020 | |a 0444110771 | ||
| 100 | 1 | |a Dixmier, Jacques. | |
| 240 | 1 | 0 | |a Algèbres enveloppantes. |l Inglés |
| 650 | 0 | |a Universal enveloping algebras. | |
| 650 | 0 | |a Lie algebras. | |
| 650 | 0 | |a Representations of algebras. | |
| 650 | 0 | |a Ideals (Algebra) | |
| 084 | |a 17B35 |2 msc2000 | ||
| 010 | |a 76002622 | ||
| 040 | |a DLC |c DLC |d DLC | ||
| 041 | 1 | |a eng |h fre | |
| 859 | |h 17 |i D619 |p A-5162 |b BIB. MATEMATICA | ||
